在无边界地图上点击中国省份 - Statistics

General Stats
  • This quiz has been taken 849 times
  • The average score is 14 of 34
Answers on the Map
Answers color-coded by a green-red scale on the quiz's map according to % correct below.
 
Answer Stats
Answer % Correct
辽宁省
48%
广东省
48%
台湾省
47%
新疆维吾尔自治区
46%
天津市
45%
内蒙古自治区
45%
吉林省
45%
黑龙江省
45%
江苏省
44%
广西壮族自治区
44%
上海市
43%
海南省
43%
香港特别行政区
43%
山西省
42%
河南省
42%
云南省
42%
西藏自治区
42%
安徽省
41%
福建省
41%
山东省
41%
四川省
41%
北京市
40%
江西省
40%
贵州省
40%
青海省
40%
河北省
39%
浙江省
39%
湖北省
39%
湖南省
39%
陕西省
39%
澳门特别行政区
39%
重庆市
37%
甘肃省
37%
宁夏回族自治区
34%
No matching quizzes found
Score Distribution
Percent of People with Each Score
Percentile by Number Answered
Your Score History
You have not taken this quiz